书目信息 |
| 题名: |
心灵制序与世界历史
|
|
| 作者: | 吴飞 著 | |
| 分册: | ||
| 出版信息: | 北京 生活·读书·新知三联书店 2019 |
|
| 页数: | 563页 | |
| 开本: | 22cm | |
| 丛书名: | ||
| 单 册: | ||
| 中图分类: | B503.1 | |
| 科图分类: | ||
| 主题词: | 哲学--欧洲 | |
| 电子资源: | ||
| ISBN: | 7-108-05951-7 | |
| 000 | 00703nam0 2200205 450 | |
| 001 | 2437810873 | |
| 005 | 20240909103334.28 | |
| 010 | @a7-108-05951-7@dCNY89.00 | |
| 100 | @a20240909d2019 km y0chiy0120 ea | |
| 101 | 0 | @achi |
| 102 | @aCN@b110000 | |
| 200 | 1 | @a心灵制序与世界历史@AXin Ling Zhi Xu Yu Shi Jie Li Shi@e奥古斯丁对西方古典文明的终结@f吴飞著@FWu Fei Zhu |
| 210 | @a北京@c生活·读书·新知三联书店@d2019 | |
| 215 | @a563页@d22cm | |
| 517 | 1 | @a奥古斯丁对西方古典文明的终结@AAo Gu Si Ding Dui Xi Fang Gu Dian Wen Ming De Zhong Jie |
| 606 | 0 | @a哲学@x欧洲 |
| 690 | @aB503.1@v4 | |
| 701 | 0 | @a吴飞@AWu Fei@4著 |
| 801 | 0 | @aCN@b大连网信软件有限公司图书馆·11@c20240909 |
| 905 | @aZUCC@dB503.1@e142 | |
| 心灵制序与世界历史:奥古斯丁对西方古典文明的终结/吴飞著.-北京:生活·读书·新知三联书店,2019 |
| 563页;22cm |
| ISBN 7-108-05951-7:CNY89.00 |
| ● |
| 相关链接 |
|
|
|
|
正题名:心灵制序与世界历史
索取号:B503.1/142
 
预约/预借
| 序号 | 登录号 | 条形码 | 馆藏地/架位号 | 状态 | 备注 |
| 1 | 1053518 | 210535189 | 第一样本阅览室/ [索取号:B503.1/142] |
已借出,限还日期为2034.09.11 借出人:宋晓敏 |